[Event "FRA-chT1 1011"]
[Site "France"]
[Date "2010.10.17"]
[Round "1.2"]
[White "Jean, Olivier"]
[Black "Redon, Philippe"]
[Result "1-0"]
[WhiteElo "2260"]
[BlackElo "2019"]
[PlyCount "77"]
[EventDate "2010.10.17"]
[EventType "team-tourn"]
[EventRounds "11"]
[EventCountry "FRA"]
[SourceTitle "EXT 2012"]
[Source "ChessBase"]
[SourceDate "2011.11.24"]
[SourceVersion "1"]
[SourceVersionDate "2011.11.24"]
[SourceQuality "1"]

1. e4 d5 2. exd5 Nf6 3. Bb5+ Bd7 4. Be2 Nxd5 5. d4 Bf5 6. Nf3 e6 7. 0-0 Be7 8. c4 Nb4 9. Ne1 0-0 10. a3 N4c6 11. Nf3 Bf6 12. Be3 Nd7 13. Nc3 Ne7 14. Qd2 c6 15. Rfd1 Nb6 16. h3 Ng6 17. g4 Qc7 18. gxf5 exf5 19. Qc2 Nf4 20. Bf1 g6 21. Qc1 Nh5 22. d5 Rad8 23. d6 Qd7 24. c5 Bxc3 25. bxc3 Nd5 26. Bg5 Rde8 27. Bh6 Ng7 28. Qg5 f6 29. Qd2 g5 30. Bc4 Rf7 31. Bxg7 Rxg7 32. Bxd5+ cxd5 33. Qxd5+ Kh8 34. Nd4 Re5 35. c6 bxc6 36. Qxc6 Qf7 37. Rab1 Re8 38. Nxf5 Rgg8 39. Nh6 1-0

[Event "Hyeres"]
[Site "Hyeres"]
[Date "2009.03.03"]
[Round "7"]
[White "Jean, Olivier"]
[Black "Brongers, Henk"]
[Result "0-1"]
[WhiteElo "2201"]
[BlackElo "2135"]
[PlyCount "90"]
[EventDate "2009.02.28"]
[EventType "tourn"]
[EventRounds "7"]
[EventCountry "FRA"]
[SourceTitle "EXT 2010"]
[Source "ChessBase"]
[SourceDate "2010.11.25"]
[SourceVersion "1"]
[SourceVersionDate "2010.11.25"]
[SourceQuality "1"]

1. e4 c5 2. Nf3 e6 3. d4 cxd4 4. Nxd4 Nc6 5. Nc3 Qc7 6. Be3 a6 7. Qd2 Nf6 8. 0-0-0 Bb4 9. f3 Ne5 10. Nb3 b5 11. Qd4 Nc4 12. Bxc4 Qxc4 13. Qxc4 bxc4 14. Nd2 Bxc3 15. bxc3 d5 16. Bd4 Bb7 17. exd5 Bxd5 18. Rhe1 0-0 19. Bxf6 gxf6 20. Ne4 Kg7 21. Ng3 Kg6 22. Ne2 Bc6 23. Rd4 f5 24. Rxc4 Bb5 25. Rc7 Rfc8 26. Rxc8 Rxc8 27. Nd4 Bc4 28. a3 Kf6 29. f4 Bd5 30. g3 Rxc3 31. Kb2 Rc4 32. c3 Rc8 33. Re2 Be4 34. Nb3 Rb8 35. Ka2 Bd5 36. Rb2 Ke7 37. a4 Kd6 38. Ka3 Rxb3+ 39. Rxb3 Bxb3 40. Kxb3 Kc5 41. c4 a5 42. Kc3 f6 43. h4 h5 44. Kd3 e5 45. fxe5 fxe5 0-1

[Event "Hyeres"]
[Site "Hyeres"]
[Date "2009.03.02"]
[Round "4"]
[White "Jean, Olivier"]
[Black "Lallement, Victor"]
[Result "1/2-1/2"]
[WhiteElo "2201"]
[BlackElo "2095"]
[PlyCount "69"]
[EventDate "2009.02.28"]
[EventType "tourn"]
[EventRounds "7"]
[EventCountry "FRA"]
[SourceTitle "EXT 2010"]
[Source "ChessBase"]
[SourceDate "2010.11.25"]
[SourceVersion "1"]
[SourceVersionDate "2010.11.25"]
[SourceQuality "1"]

1. c4 Nf6 2. Nc3 c6 3. e4 d5 4. e5 d4 5. exf6 dxc3 6. fxg7 cxd2+ 7. Bxd2 Bxg7 8. Qc2 Bg4 9. Be2 Bxe2 10. Nxe2 Nd7 11. Rd1 Qc7 12. Bc3 Bxc3+ 13. Qxc3 Qe5 14. 0-0 Qxc3 15. Nxc3 Rd8 16. Ne4 0-0 17. Rd3 Ne5 18. Rg3+ Kh8 19. b3 Rd4 20. Re1 Rfd8 21. h3 Rd1 22. Rge3 Rxe1+ 23. Rxe1 Ng6 24. g3 b6 25. Kf1 Kg7 26. Ke2 h6 27. Rd1 Rxd1 28. Kxd1 f5 29. Nc3 e5 30. f3 Kf6 31. Ke2 Nf8 32. Ke3 Ne6 33. b4 Nd4 34. b5 c5 35. Nd5+ 1/2-1/2

[Event "Hyeres"]
[Site "Hyeres"]
[Date "2009.03.01"]
[Round "3"]
[White "Touvron, Fabrice"]
[Black "Jean, Olivier"]
[Result "1/2-1/2"]
[WhiteElo "1987"]
[BlackElo "2201"]
[PlyCount "64"]
[EventDate "2009.02.28"]
[EventType "tourn"]
[EventRounds "7"]
[EventCountry "FRA"]
[SourceTitle "EXT 2010"]
[Source "ChessBase"]
[SourceDate "2010.11.25"]
[SourceVersion "1"]
[SourceVersionDate "2010.11.25"]
[SourceQuality "1"]

1. c4 Nf6 2. Nc3 c5 3. e4 Nc6 4. Nf3 e6 5. d4 cxd4 6. Nxd4 Bb4 7. Nxc6 bxc6 8. e5 Ne4 9. Qc2 Qa5 10. f4 Nxc3 11. bxc3 Bxc3+ 12. Bd2 Bxd2+ 13. Qxd2 Qxd2+ 14. Kxd2 c5 15. Rb1 Ba6 16. Bd3 0-0 17. Rb3 Rfd8 18. Rhb1 d5 19. exd6 g6 20. Ra3 Rxd6 21. Kc3 Rad8 22. Be4 f5 23. Bc2 Rc8 24. Rd1 Rxd1 25. Bxd1 Bb7 26. g3 a6 27. Rb3 Rc7 28. Rb6 Kf7 29. a4 Kf6 30. a5 h6 31. h4 Re7 32. Ba4 Rc7 1/2-1/2

[Event "FRA-chT2 South 0809"]
[Site "France"]
[Date "2008.11.22"]
[Round "2.4"]
[White "Jean, Olivier"]
[Black "Le Hetet, Nicolas"]
[Result "1/2-1/2"]
[WhiteElo "2201"]
[BlackElo "2085"]
[PlyCount "66"]
[EventDate "2008.10.12"]
[EventType "team-tourn"]
[EventRounds "11"]
[EventCountry "FRA"]
[SourceTitle "EXT 2010"]
[Source "ChessBase"]
[SourceDate "2010.11.25"]
[SourceVersion "1"]
[SourceVersionDate "2010.11.25"]
[SourceQuality "1"]
[WhiteTeam "Marseille Echecs II"]
[BlackTeam "Agen"]
[WhiteTeamCountry "FRA"]
[BlackTeamCountry "FRA"]

1. e4 c5 2. Nf3 Nc6 3. d4 cxd4 4. Nxd4 e5 5. Nb5 d6 6. c4 Be7 7. N1c3 a6 8. Na3 Be6 9. Be2 Bg5 10. 0-0 Nd4 11. Bg4 Bxc1 12. Rxc1 Nf6 13. Bxe6 fxe6 14. Nc2 Nc6 15. Qd3 Qe7 16. Rfd1 Rd8 17. Qh3 0-0 18. f3 Qf7 19. Qh4 d5 20. cxd5 exd5 21. exd5 Nxd5 22. Nxd5 Rxd5 23. a3 Rxd1+ 24. Rxd1 Qb3 25. Qe4 Nd4 26. Ne3 Qxb2 27. Nc4 Qb3 28. Qd3 Qxd3 29. Rxd3 Nc6 30. Re3 Rd8 31. Nxe5 Nxe5 32. Rxe5 Rd3 33. a4 Ra3 1/2-1/2

[Event "Salon de Provence op 3rd"]
[Site "Salon de Provence"]
[Date "2008.04.18"]
[Round "7"]
[White "Remille, Tristan"]
[Black "Jean, Olivier"]
[Result "1/2-1/2"]
[WhiteElo "2184"]
[BlackElo "2144"]
[PlyCount "70"]
[EventDate "2008.04.14"]
[EventType "swiss"]
[EventRounds "7"]
[EventCountry "FRA"]
[SourceTitle "CBM 123 Extra"]
[Source "ChessBase"]
[SourceDate "2008.05.06"]
[SourceVersion "1"]
[SourceVersionDate "2008.05.06"]
[SourceQuality "1"]

1. c4 c5 2. g3 g6 3. Bg2 Bg7 4. Nf3 Nc6 5. Nc3 e5 6. d3 Nge7 7. 0-0 d6 8. a3 0-0 9. Qd2 Rb8 10. Rb1 h6 11. b4 b6 12. e3 Be6 13. Rd1 f5 14. Qc2 Qe8 15. Nb5 Qd7 16. d4 a6 17. d5 axb5 18. dxe6 Qxe6 19. cxb5 Na7 20. bxc5 dxc5 21. a4 e4 22. Nd2 Rfd8 23. Ba3 Nd5 24. Bf1 Kh8 25. Qb3 Qe7 26. Nc4 Nc8 27. Na5 bxa5 28. Rxd5 Rxd5 29. Qxd5 Nb6 30. Qxc5 Qxc5 31. Bxc5 Nxa4 32. Bd6 Rb7 33. b6 Rxb6 34. Rxb6 Nxb6 35. Bc7 Nd5 1/2-1/2

[Event "Salon de Provence op 3rd"]
[Site "Salon de Provence"]
[Date "2008.04.16"]
[Round "4"]
[White "Petrossian, Armen"]
[Black "Jean, Olivier"]
[Result "1-0"]
[WhiteElo "2399"]
[BlackElo "2144"]
[PlyCount "67"]
[EventDate "2008.04.14"]
[EventType "swiss"]
[EventRounds "7"]
[EventCountry "FRA"]
[SourceTitle "CBM 123 Extra"]
[Source "ChessBase"]
[SourceDate "2008.05.06"]
[SourceVersion "1"]
[SourceVersionDate "2008.05.06"]
[SourceQuality "1"]

1. e4 c5 2. Nf3 d6 3. Bb5+ Bd7 4. Bxd7+ Nxd7 5. 0-0 Ngf6 6. Nc3 e6 7. d4 cxd4 8. Nxd4 Be7 9. f4 0-0 10. Be3 a6 11. Qf3 h6 12. Rad1 Qc7 13. a4 Nb6 14. Kh1 Nc4 15. Bc1 Rac8 16. Rd3 b6 17. b3 Na5 18. f5 e5 19. Nde2 Nc6 20. Qh3 Kh7 21. g4 Nd4 22. g5 Nxe4 23. Nxe4 Nxe2 24. f6 Qc6 25. Qg2 gxf6 26. gxf6 Rg8 27. Qxe2 Bf8 28. c4 Rg6 29. Rg3 Rxg3 30. hxg3 d5 31. cxd5 Qxd5 32. Qf3 Qe6 33. g4 Rc2 34. Qd3 1-0

[Event "Marseille op"]
[Site "Marseille"]
[Date "2007.12.30"]
[Round "7"]
[White "Moncamp, Gilles"]
[Black "Jean, Olivier"]
[Result "1-0"]
[WhiteElo "2207"]
[BlackElo "2220"]
[PlyCount "107"]
[EventDate "2007.12.27"]
[EventType "swiss"]
[EventRounds "9"]
[EventCountry "FRA"]
[SourceTitle "CBM 122 Extra"]
[Source "ChessBase"]
[SourceDate "2008.03.04"]
[SourceVersion "1"]
[SourceVersionDate "2008.03.04"]
[SourceQuality "1"]

1. e4 c5 2. Nf3 e6 3. c3 d5 4. exd5 exd5 5. d4 a6 6. Bd3 c4 7. Bc2 Nc6 8. 0-0 Bd6 9. b3 cxb3 10. axb3 Nge7 11. Ba3 h6 12. Re1 0-0 13. Bxd6 Qxd6 14. Ne5 Bf5 15. Bxf5 Nxf5 16. Qf3 Nfe7 17. Nd2 Rad8 18. Nd3 Ng6 19. Nc5 Qc7 20. Re3 a5 21. Qg3 Qc8 22. Rae1 b6 23. Nd3 Rfe8 24. Rxe8+ Rxe8 25. Rxe8+ Qxe8 26. Kf1 Qe7 27. Qg4 Qd6 28. g3 Nge7 29. Nf4 b5 30. Qd1 Qf6 31. Nf3 g5 32. Nh5 Qg6 33. Ne5 Qe6 34. Nxc6 Nxc6 35. g4 Kf8 36. Ng3 Qd6 37. Qd3 b4 38. Qh7 Qf6 39. Nh5 Qg6 40. Qh8+ Ke7 41. cxb4 axb4 42. Ng3 Kd7 43. Nf5 Qe6 44. Qf8 h5 45. h3 hxg4 46. hxg4 Ne7 47. Ne3 f6 48. Qb8 Qd6 49. Qb5+ Ke6 50. Ke2 Kf7 51. Qb7 Ke6 52. Qb5 Kf7 53. Qd3 Qb6 54. Qh7+ 1-0

[Event "Marseille op"]
[Site "Marseille"]
[Date "2007.12.28"]
[Round "3"]
[White "Lamberti, Hugo"]
[Black "Jean, Olivier"]
[Result "1/2-1/2"]
[WhiteElo "2070"]
[BlackElo "2220"]
[PlyCount "116"]
[EventDate "2007.12.27"]
[EventType "swiss"]
[EventRounds "9"]
[EventCountry "FRA"]
[SourceTitle "CBM 122 Extra"]
[Source "ChessBase"]
[SourceDate "2008.03.04"]
[SourceVersion "1"]
[SourceVersionDate "2008.03.04"]
[SourceQuality "1"]

1. d4 Nf6 2. c4 c5 3. d5 e5 4. Nc3 d6 5. g3 Be7 6. e3 0-0 7. f4 exf4 8. exf4 Re8 9. h3 g6 10. Qf3 Bf8+ 11. Nge2 Bf5 12. Bg2 Na6 13. a3 h5 14. 0-0 Nc7 15. b4 b6 16. Nd1 Qd7 17. Nf2 Bg7 18. Bb2 Re7 19. Nc3 Rae8 20. Ncd1 Re2 21. Rc1 Rxb2 22. Nxb2 Nfxd5 23. cxd5 Bxb2 24. Rce1 Bd4 25. Kh2 Qa4 26. g4 hxg4 27. hxg4 Bc8 28. f5 g5 29. Rxe8+ Qxe8 30. Qe4 Be5+ 31. Kg1 Bb7 32. Rd1 f6 33. Bf3 Kg7 34. Kg2 Qh8 35. Rh1 Qa8 36. Rd1 Nb5 37. Rd3 Qh8 38. Bd1 Qh2+ 39. Kf1 Ba6 40. Be2 Nd4 41. Rxd4 Bxe2+ 42. Qxe2 cxd4 43. Qc4 Bg3 44. Qxd4 Bxf2 45. Qxf2 Qh1+ 46. Qg1 Qxd5 47. Qe3 Qe5 48. Qh3 Qe8 49. Qc3 Qe7 50. Qh3 d5 51. Qh5 Qf7 52. Qh2 d4 53. Ke1 Qe7+ 54. Kd1 Qf7 55. Ke1 d3 56. Qg2 a5 57. Qe4 axb4 58. axb4 Qc7 1/2-1/2

[Event "Pierrevert op 5th"]
[Site "Pierrevert"]
[Date "2007.04.18"]
[Round "6"]
[White "Collin, Jean"]
[Black "Jean, Olivier"]
[Result "0-1"]
[WhiteElo "1887"]
[BlackElo "2220"]
[PlyCount "86"]
[EventDate "2007.04.15"]
[EventType "swiss"]
[EventRounds "9"]
[EventCountry "FRA"]
[SourceTitle "CBM 118 Extra"]
[Source "ChessBase"]
[SourceDate "2007.07.04"]
[SourceVersion "1"]
[SourceVersionDate "2007.07.04"]
[SourceQuality "1"]

1. d4 Nf6 2. c4 g6 3. Nc3 Bg7 4. e4 d6 5. f3 0-0 6. Bg5 Nbd7 7. Nh3 a6 8. Qd2 c5 9. d5 b5 10. cxb5 Qa5 11. a4 Nb6 12. Nf2 Re8 13. Be2 Nfd7 14. 0-0 Ne5 15. Ncd1 axb5 16. Qxa5 Rxa5 17. Bxb5 Bd7 18. Bxd7 Nexd7 19. Bd2 Rxa4 20. Rxa4 Nxa4 21. b3 Nab6 22. Ne3 Ra8 23. Nc4 Ra2 24. Be3 Nxc4 25. bxc4 Nb6 26. Rb1 Ra1 27. Rxa1 Bxa1 28. Nd3 Nxc4 29. Bh6 Ne5 30. Ne1 f6 31. Nc2 Bb2 32. Bd2 Kf7 33. Kf1 f5 34. exf5 gxf5 35. h4 Nc4 36. Bg5 Be5 37. Ne1 Nb6 38. Nd3 Bd4 39. Nf4 Be3 40. Ne2 Nxd5 41. Bxe3 Nxe3+ 42. Kf2 Nd5 43. f4 Nf6 0-1

[Event "Pierrevert op 5th"]
[Site "Pierrevert"]
[Date "2007.04.17"]
[Round "4"]
[White "Jean, Olivier"]
[Black "Dury, Renaud"]
[Result "1-0"]
[WhiteElo "2220"]
[BlackElo "1754"]
[PlyCount "65"]
[EventDate "2007.04.15"]
[EventType "swiss"]
[EventRounds "9"]
[EventCountry "FRA"]
[SourceTitle "CBM 118 Extra"]
[Source "ChessBase"]
[SourceDate "2007.07.04"]
[SourceVersion "1"]
[SourceVersionDate "2007.07.04"]
[SourceQuality "1"]

1. Nf3 d5 2. c4 c6 3. e3 Nf6 4. Qc2 Bg4 5. Ne5 Bh5 6. cxd5 cxd5 7. Bb5+ Nbd7 8. Nxd7 Nxd7 9. Qf5 Rc8 10. Nc3 Bg6 11. Qxd5 a6 12. Bxd7+ Qxd7 13. Qxd7+ Kxd7 14. d4 e6 15. 0-0 Bb4 16. Bd2 Bxc3 17. Bxc3 Be4 18. f3 Bc6 19. e4 f6 20. Rad1 Bb5 21. Rfe1 Bc4 22. a3 Rhe8 23. Kf2 b6 24. g4 h5 25. gxh5 Rh8 26. Rg1 Rcg8 27. Rg2 Ke7 28. Bb4+ Kf7 29. Bd6 Rxh5 30. Rc1 b5 31. Rc3 Ba2 32. Ke3 a5 33. b3 1-0

[Event "Pierrevert op 5th"]
[Site "Pierrevert"]
[Date "2007.04.16"]
[Round "3"]
[White "Prie, Eric"]
[Black "Jean, Olivier"]
[Result "1-0"]
[WhiteElo "2513"]
[BlackElo "2220"]
[PlyCount "65"]
[EventDate "2007.04.15"]
[EventType "swiss"]
[EventRounds "9"]
[EventCountry "FRA"]
[SourceTitle "CBM 118 Extra"]
[Source "ChessBase"]
[SourceDate "2007.07.04"]
[SourceVersion "1"]
[SourceVersionDate "2007.07.04"]
[SourceQuality "1"]

1. d4 Nf6 2. Nf3 g6 3. Bf4 Bg7 4. e3 d6 5. Be2 Nh5 6. Bg5 h6 7. Bh4 g5 8. Nfd2 Nf4 9. exf4 gxh4 10. c3 c5 11. dxc5 dxc5 12. Na3 0-0 13. Nf3 h3 14. g3 Nc6 15. 0-0 Qc7 16. Qd5 b6 17. Rfe1 Qd7 18. Qe4 Qe6 19. Ne5 Nxe5 20. Qxa8 Bd7 21. Qe4 Bc6 22. Qe3 Qd5 23. f3 Ng6 24. Bd3 Qh5 25. Be4 Bd7 26. Rad1 Bc8 27. Nb5 f5 28. Bd5+ Kh8 29. Nxa7 e5 30. Nxc8 exf4 31. Qe6 fxg3 32. hxg3 Bf6 33. f4 1-0

[Event "Provence-ch 0506"]
[Site "Provence"]
[Date "2006.04.08"]
[Round "7"]
[White "Jean, Olivier"]
[Black "Busson, Benoist"]
[Result "1-0"]
[WhiteElo "2190"]
[BlackElo "2089"]
[PlyCount "25"]
[EventDate "2005.11.05"]
[EventType "tourn"]
[EventRounds "9"]
[EventCountry "FRA"]
[SourceTitle "EXT 2007"]
[Source "ChessBase"]
[SourceDate "2006.11.23"]
[SourceVersion "1"]
[SourceVersionDate "2006.11.23"]
[SourceQuality "1"]

1. d4 d5 2. Nf3 e6 3. c4 dxc4 4. e3 Nf6 5. Bxc4 c5 6. 0-0 cxd4 7. exd4 Be7 8. Qe2 0-0 9. Rd1 b6 10. Nc3 Bb7 11. Bg5 Nd5 12. Bxd5 Bxd5 13. Bxe7 1-0

[Event "Provence-ch 0506"]
[Site "Provence"]
[Date "2006.03.18"]
[Round "6"]
[White "Rosso, Marco"]
[Black "Jean, Olivier"]
[Result "1/2-1/2"]
[WhiteElo "1949"]
[BlackElo "2190"]
[PlyCount "148"]
[EventDate "2005.11.05"]
[EventType "tourn"]
[EventRounds "9"]
[EventCountry "FRA"]
[SourceTitle "EXT 2007"]
[Source "ChessBase"]
[SourceDate "2006.11.23"]
[SourceVersion "1"]
[SourceVersionDate "2006.11.23"]
[SourceQuality "1"]

1. d4 Nf6 2. c4 g6 3. Nc3 Bg7 4. Nf3 d6 5. g3 0-0 6. Bg2 Nbd7 7. 0-0 e5 8. e4 exd4 9. Nxd4 Re8 10. Re1 Nc5 11. b4 Ne6 12. Be3 Ng4 13. Nxe6 Nxe3 14. Qd3 Bxe6 15. Rxe3 a5 16. b5 Qg5 17. Rd1 Qc5 18. Nd5 Rad8 19. Bf1 c6 20. Nc7 Rf8 21. Nxe6 fxe6 22. Bh3 e5 23. Be6+ Kh8 24. Qa3 cxb5 25. cxb5 Qc2 26. Rf1 Bh6 27. Qb3 Qd2 28. Rd3 Qe2 29. Bd5 Rc8 30. Qd1 Qb2 31. Qb3 Qe2 32. Qd1 Qb2 33. Qb3 Rc2 34. Qxb2 Rxb2 35. Bxb7 Rxa2 36. Bd5 Rb2 37. Rb3 Rxb3 38. Bxb3 Rb8 39. Ba4 Bd2 40. Rd1 Bb4 41. Rc1 Bc5 42. Kg2 Kg7 43. f4 Kf6 44. Kf3 Rc8 45. h3 exf4 46. gxf4 g5 47. f5 Ke5 48. Rc4 h5 49. Bb3 Rb8 50. Ba4 Rb6 51. Rc2 Rb7 52. Rc4 Rf7 53. Bb3 Rb7 54. Ba4 Rb8 55. Rc2 Kd4 56. Rc1 Kd3 57. e5 Rf8 58. Rd1+ Kc3 59. exd6 Rxf5+ 60. Kg3 Rf4 61. d7 Bb6 62. d8Q Bxd8 63. Rxd8 Rxa4 64. Ra8 h4+ 65. Kf3 Rf4+ 66. Ke3 Kb4 67. b6 Rf7 68. Ra7 Rf8 69. Rd7 Rf6 70. b7 Rb6 71. Rd1 Kc5 72. Ra1 Rxb7 73. Rxa5+ Kc4 74. Rxg5 Rb3+ 1/2-1/2

[Event "Marseille Hiver op"]
[Site "Marseille"]
[Date "2005.12.29"]
[Round "6"]
[White "Jean, Olivier"]
[Black "Houard, Yannick"]
[Result "0-1"]
[WhiteElo "2190"]
[BlackElo "1964"]
[PlyCount "100"]
[EventDate "2005.12.27"]
[EventType "swiss"]
[EventRounds "9"]
[EventCountry "FRA"]
[SourceTitle "CBM 110 Extra"]
[Source "ChessBase"]
[SourceDate "2006.03.10"]
[SourceVersion "2"]
[SourceVersionDate "2006.03.10"]
[SourceQuality "1"]

1. Nf3 d5 2. c4 c6 3. d4 Nf6 4. Qc2 e6 5. Bg5 Nbd7 6. e3 Be7 7. Nc3 0-0 8. Rc1 a6 9. Bd3 h6 10. Bh4 dxc4 11. Bxc4 b5 12. Be2 Bb7 13. 0-0 Rc8 14. b4 Bxb4 15. Ne4 Be7 16. Nc5 Nxc5 17. dxc5 Nd5 18. Bg3 Qa5 19. Be5 Bf6 20. Bxf6 Nxf6 21. Qb2 Rfd8 22. Rfd1 Rxd1+ 23. Bxd1 Rd8 24. Bb3 Qc7 25. h3 a5 26. a3 Ba6 27. Nd4 Qe5 28. Qa2 Bb7 29. Qd2 Qc7 30. Qe2 Qe7 31. Qf3 Nd5 32. Qe4 Qf6 33. Qc2 Qe5 34. Nf3 Qc7 35. e4 Nf4 36. e5 Qd7 37. Re1 Qd3 38. Qb2 Qg6 39. g3 Nxh3+ 40. Kf1 Ng5 41. Bc2 Qh5 42. Nxg5 Qxg5 43. Re3 g6 44. Qc3 Qh5 45. Qxa5 Qh1+ 46. Ke2 Qd5 47. Kf1 Qh1+ 48. Ke2 Qd5 49. Kf1 Rd7 50. Qb6 Qc4+ 0-1

[Event "Marseille Hiver op"]
[Site "Marseille"]
[Date "2005.12.29"]
[Round "5"]
[White "Leygue, Dominique"]
[Black "Jean, Olivier"]
[Result "1/2-1/2"]
[WhiteElo "2325"]
[BlackElo "2190"]
[PlyCount "82"]
[EventDate "2005.12.27"]
[EventType "swiss"]
[EventRounds "9"]
[EventCountry "FRA"]
[SourceTitle "CBM 110 Extra"]
[Source "ChessBase"]
[SourceDate "2006.03.10"]
[SourceVersion "2"]
[SourceVersionDate "2006.03.10"]
[SourceQuality "1"]

1. e4 c5 2. Nf3 e6 3. b4 cxb4 4. d4 Nf6 5. Bd3 Be7 6. Nbd2 d6 7. Bb2 Nbd7 8. a3 bxa3 9. Bxa3 Qc7 10. c4 e5 11. 0-0 0-0 12. d5 Nc5 13. Bc2 g6 14. Bb2 Nh5 15. h3 Ng7 16. Nh2 Bg5 17. f4 Bxf4 18. Rxf4 exf4 19. Ndf3 f6 20. Nd4 Bd7 21. Qd2 Nh5 22. Ng4 a6 23. Rf1 Rae8 24. Rxf4 Nxf4 25. Nh6+ Kg7 26. Qxf4 Re5 27. g4 Qa5 28. Nf3 Qa2 29. Qc1 Qxc4 30. g5 Bxh3 31. Nf5+ Rxf5 32. exf5 Qg4+ 33. Kf2 Qg2+ 34. Ke3 Re8+ 35. Kd4 Qg4+ 36. Kc3 Qxf3+ 37. Kb4 Bxf5 38. gxf6+ Kf7 39. Qh6 a5+ 40. Kxa5 b6+ 41. Kb5 Qe2+ 1/2-1/2

[Event "Marseille Hiver op"]
[Site "Marseille"]
[Date "2005.12.28"]
[Round "3"]
[White "Jean, Olivier"]
[Black "Habbouche, Julien"]
[Result "1-0"]
[WhiteElo "2190"]
[BlackElo "1966"]
[PlyCount "57"]
[EventDate "2005.12.27"]
[EventType "swiss"]
[EventRounds "9"]
[EventCountry "FRA"]
[SourceTitle "CBM 110 Extra"]
[Source "ChessBase"]
[SourceDate "2006.03.10"]
[SourceVersion "2"]
[SourceVersionDate "2006.03.10"]
[SourceQuality "1"]

1. Nf3 d5 2. c4 c6 3. d4 e6 4. Qc2 Nf6 5. Bg5 Be7 6. e3 0-0 7. Nc3 Qc7 8. Rc1 a6 9. Bxf6 Bxf6 10. cxd5 cxd5 11. Nxd5 Qa5+ 12. Nc3 b5 13. Bd3 b4 14. Qa4 Qxa4 15. Nxa4 Nd7 16. 0-0 Bb7 17. Rc7 Bxf3 18. gxf3 Rfd8 19. f4 Bh4 20. Be4 Rac8 21. Rfc1 Rxc7 22. Rxc7 Nf6 23. Bf3 g6 24. Nc5 Rd6 25. Ra7 Nd5 26. Rxa6 Rxa6 27. Nxa6 b3 28. Bxd5 exd5 29. axb3 1-0

[Event "Provence-ch 0506"]
[Site "Provence"]
[Date "2005.12.10"]
[Round "3"]
[White "Tonnaire, Christophe"]
[Black "Jean, Olivier"]
[Result "0-1"]
[WhiteElo "2042"]
[BlackElo "2190"]
[PlyCount "64"]
[EventDate "2005.11.05"]
[EventType "tourn"]
[EventRounds "9"]
[EventCountry "FRA"]
[SourceTitle "EXT 2007"]
[Source "ChessBase"]
[SourceDate "2006.11.23"]
[SourceVersion "1"]
[SourceVersionDate "2006.11.23"]
[SourceQuality "1"]

1. e4 c5 2. Nf3 e6 3. d4 cxd4 4. Nxd4 a6 5. c4 Nf6 6. Bd3 Qb6 7. Nb3 d6 8. Be3 Qc7 9. Nc3 Be7 10. Rc1 Nbd7 11. f4 b6 12. 0-0 Bb7 13. g4 Nc5 14. Nxc5 bxc5 15. g5 Nd7 16. h4 g6 17. Rf2 h6 18. Qg4 hxg5 19. hxg5 0-0-0 20. Rh2 Rxh2 21. Kxh2 Rh8+ 22. Kg1 Bf8 23. a3 Bg7 24. b4 Qd8 25. Na4 Rh5 26. bxc5 dxc5 27. Rd1 Qh8 28. Qg2 Bd4 29. Bxd4 Qxd4+ 30. Kf1 Qe3 31. Rd2 Rh3 32. Be2 Bxe4 0-1

[Event "Marseille op"]
[Site "Marseille"]
[Date "2005.06.??"]
[Round "6"]
[White "Jean, Olivier"]
[Black "Savchenko, Stanislav"]
[Result "1/2-1/2"]
[WhiteElo "2187"]
[BlackElo "2512"]
[PlyCount "34"]
[EventDate "2005.06.??"]
[EventType "swiss"]
[EventRounds "9"]
[EventCountry "FRA"]
[SourceTitle "EXT 2006"]
[Source "ChessBase"]
[SourceDate "2005.11.24"]
[SourceVersion "1"]
[SourceVersionDate "2005.11.24"]
[SourceQuality "1"]

1. Nf3 d5 2. c4 c6 3. e3 Nf6 4. Qc2 g6 5. b3 Bg7 6. Bb2 0-0 7. d3 b6 8. Nbd2 Bb7 9. Be2 c5 10. cxd5 Qxd5 11. 0-0 Nc6 12. a3 Rac8 13. Rac1 Rfd8 14. Qb1 Ne8 15. Bxg7 Nxg7 16. b4 cxb4 17. axb4 Ba6 1/2-1/2

[Event "Provence-ch 0405"]
[Site "Provence"]
[Date "2004.11.13"]
[Round "2"]
[White "Jean, Olivier"]
[Black "Busson, Benoist"]
[Result "1-0"]
[WhiteElo "2222"]
[BlackElo "2090"]
[PlyCount "53"]
[EventDate "2004.10.16"]
[EventType "tourn"]
[EventRounds "9"]
[EventCountry "FRA"]
[SourceTitle "EXT 2007"]
[Source "ChessBase"]
[SourceDate "2006.11.23"]
[SourceVersion "1"]
[SourceVersionDate "2006.11.23"]
[SourceQuality "1"]

1. e4 e5 2. Nf3 d5 3. Nxe5 Bd6 4. d4 dxe4 5. Nc4 Nf6 6. Nxd6+ Qxd6 7. Be2 Nc6 8. c3 Bf5 9. Na3 Nd5 10. g3 0-0-0 11. Nc4 Qe7 12. Ne3 Bg6 13. Qb3 Nb6 14. a4 Qd6 15. a5 Nd5 16. Nxd5 Qxd5 17. Qxd5 Rxd5 18. b4 Rdd8 19. b5 Ne7 20. 0-0 Nd5 21. Ra3 Rhe8 22. Bg4+ Kb8 23. b6 axb6 24. c4 f5 25. cxd5 fxg4 26. axb6 cxb6 27. Bf4+ 1-0

[Event "Provence-ch 0405"]
[Site "Provence"]
[Date "2004.10.16"]
[Round "1"]
[White "Jean, Olivier"]
[Black "Burkel, Kevin"]
[Result "0-1"]
[WhiteElo "2222"]
[BlackElo "2036"]
[PlyCount "102"]
[EventDate "2004.10.16"]
[EventType "tourn"]
[EventRounds "9"]
[EventCountry "FRA"]
[SourceTitle "EXT 2007"]
[Source "ChessBase"]
[SourceDate "2006.11.23"]
[SourceVersion "1"]
[SourceVersionDate "2006.11.23"]
[SourceQuality "1"]

1. Nf3 Nc6 2. d4 d5 3. Bf4 Bg4 4. e3 e6 5. Nbd2 Bd6 6. h3 Bh5 7. Bb5 Bxf4 8. exf4 Qd6 9. g4 Bg6 10. Ne5 f6 11. Bxc6+ bxc6 12. Nxg6 hxg6 13. Qf3 c5 14. dxc5 Qxc5 15. c4 Rd8 16. 0-0 dxc4 17. Ne4 Qb6 18. Rad1 Ne7 19. Rxd8+ Kxd8 20. Rd1+ Kc8 21. Nc3 Qc6 22. Qxc6 Nxc6 23. Kg2 Rd8 24. Rxd8+ Kxd8 25. Kf3 Kd7 26. Nb5 Nb4 27. Na3 Nxa2 28. Nxc4 Nb4 29. Ke4 Nd5 30. f5 gxf5+ 31. gxf5 Nb6 32. Ne3 e5 33. h4 Kc6 34. h5 Nc8 35. Kd3 Nd6 36. f3 Kc5 37. Kc3 a5 38. Kd3 c6 39. Kc3 Kb5 40. Kd3 Kb4 41. Kc2 a4 42. Kc1 Kb3 43. Kb1 Nc4 44. Ng4 Nd2+ 45. Kc1 Nxf3 46. h6 gxh6 47. Nxh6 Nd4 48. Ng4 Nxf5 49. Nxf6 Nd6 50. Nd7 e4 51. Nc5+ Kb4 0-1

[Event "FRA-chT2 0304"]
[Site "France"]
[Date "2003.12.07"]
[Round "4"]
[White "Ruiz, Philippe"]
[Black "Jean, Olivier"]
[Result "1/2-1/2"]
[WhiteElo "2159"]
[BlackElo "2256"]
[PlyCount "42"]
[EventDate "2003.10.??"]
[EventType "team"]
[EventRounds "11"]
[EventCountry "FRA"]
[SourceTitle "EXT 2005"]
[Source "ChessBase"]
[SourceDate "2004.11.15"]
[SourceVersion "1"]
[SourceVersionDate "2004.11.15"]
[SourceQuality "1"]

1. Nf3 Nf6 2. c4 g6 3. Nc3 Bg7 4. e4 d6 5. d4 0-0 6. Be2 e5 7. 0-0 Nc6 8. d5 Ne7 9. b4 c6 10. Ba3 cxd5 11. cxd5 Ne8 12. Rc1 Kh8 13. Qc2 Bh6 14. Nd2 Bd7 15. Qd3 f5 16. f3 Nf6 17. Rc2 Rc8 18. Nc4 b5 19. Na5 Qb6+ 20. Kh1 fxe4 21. fxe4 Ng4 1/2-1/2